| 000 | 00530 a2200169 4500 | ||
|---|---|---|---|
| 020 | _a8183561187 | ||
| 082 | _a514.353 | ||
| 090 |
_c1559 _d1559 |
||
| 100 | _aSharma, S. C. | ||
| 245 |
_aMetric Space _cS. C. Sharma |
||
| 260 |
_aNew Delhi _bDiscovery Publishing _c2006. |
||
| 300 | _a300 | ||
| 440 | _aDPH Mathematics Series | ||
| 830 | _aDPH Mathematics Series | ||
| 942 |
_aSNS _cBK _k514.353 SHA |
||
| 999 |
_c30169 _d30169 |
||